Бюллетени "Обзор зарубежной печати"

Доступно только в Электронных читальных залах Найти на картеНа карте
RUSMARC
00003538nac2a22002531x 450
0017ffbb0a5-2cc7-4db1-9aed-b9891e5762ed
00520160225181415.0
100##$a20160113l19201920k y0rusy50 ca
1010#$arus
102##$aRU
105##$ay z |||||
1222#$ad19200430
$ad19200930
2001#$aБюллетени "Обзор зарубежной печати"
$jАпрель-сентябрь 1920
215##$a107 листов
251##$cДело
300##$aЛисты: 18, 22, 23, 50, 51, 56 - малоконтрастные и трудночитаемые; 27-32 - красные чернила
300##$aМашинописный текст
330##$aВходит в раздел описи: IV. Бюро информации. 2. Информационные сообщения по НКИД
461#0$1001ad6baeac-e292-4829-90d1-2f4f65796a62
$12001
$aСОВЕТ НАРОДНЫХ КОМИССАРОВ РСФСР (СНК РСФСР)
$1251
$cФонд
$1852
$j130
$gР
462#0$10017393eac8-aea5-4181-b014-0a5beab45138
$12001
$a1920 г.
$vД. 401
$1251
$cОпись
$1852
$j4
60101$3RU\NLR\AUTH\661074810
$aРСФСР
$bСовет Народных Комиссаров
801#0$aRU
$bGA_RF
801#1$aRU
$bНПО Опыт
$c20160113
$2rusmarc
801#2$aRU
$bПБ им. Б.Н. Ельцина
$c20160225
$gRCR
$2rusmarc
852##$aГА РФ
$j401
937##$d64939936
$hПБ
035##$aRuPRLIB51036123
Формат отображения